000
00322nam a2200121Ia 4500
008
220204s9999 xx 000 0 und d
082
_a
621
_b
RAV
100
_a
Ravindran Nair, R
245
0
_a
Mechanical engineering
260
_a
Trivandrum
_b
State Inst of Languages
_c
1971
650
_a
Mechanical engineering
942
_c
BK
999
_c
26352
_d
26352